000 00456nam a2200181Ia 4500
008 090123s9999 xx 000 0 und d
082 _b38715
100 _aरावळ मोहन
245 _aडॉली
250 _a1
260 _bअजब प्रकाशन
_c2005
300 _a176
600 _aरावळ मोहन
630 _aडॉली
700 _aरावळ मोहन
730 _aडॉली
942 _cBOOK
999 _c76785
_d76785